书目信息 |
| 题名: |
感性摄影
|
|
| 作者: | 冯海 , 刘俊 著 | |
| 分册: | ||
| 出版信息: | 杭州 西湖摄影艺术出版社 2000.01 |
|
| 页数: | 87页 | |
| 开本: | 21cm | |
| 丛书名: | ||
| 单 册: | ||
| 中图分类: | J405 | |
| 科图分类: | ||
| 主题词: | 摄影艺术--艺术评论 , 摄影--鉴赏 | |
| 电子资源: | ||
| ISBN: | 7-80536-685-3 | |
| 000 | 00580nam0 2200217 45 | |
| 001 | 0012251661 | |
| 005 | 20041123084506.0 | |
| 010 | @a7-80536-685-3@dCNY59.00 | |
| 100 | @a20001225d2000 km y0chiy0120 ea | |
| 101 | 0 | @achi |
| 105 | @a z 000yy | |
| 200 | 1 | @a感性摄影@AGan Xing She Ying@f冯海,刘俊著@FFeng Hai,Liu Jun Zhu |
| 210 | @a杭州@c西湖摄影艺术出版社@d2000.01 | |
| 215 | @a87页@c彩图@d21cm | |
| 606 | 0 | @a摄影艺术@x艺术评论 |
| 606 | 0 | @a摄影@x鉴赏 |
| 690 | @aJ405@v1 | |
| 701 | 0 | @a冯海@4著 |
| 701 | 0 | @a刘俊@4著 |
| 801 | @aCN@bTSTC@c20001225 | |
| 905 | @dJ405@e104 | |
| 感性摄影/冯海,刘俊著.-杭州:西湖摄影艺术出版社,2000.01 |
| 87页:彩图;21cm |
| ISBN 7-80536-685-3:CNY59.00 |
| ● |
| 相关链接 |
|
|
|
|
正题名:感性摄影
索取号:J405/104
 
预约/预借
| 序号 | 登录号 | 条形码 | 馆藏地/架位号 | 状态 | 备注 |
| 1 | 0294303 | 002943033 | 第一借阅区/ [索取号:J405/104] | 在馆 | |
| 2 | 0294304 | 002943042 | 第一借阅区/ [索取号:J405/104] | 在馆 | |
| 3 | 0294305 | 002943051 | 第一借阅区/ [索取号:J405/104] | 在馆 | |
| 4 | 0294306 | 002943060 | 第一借阅区/ [索取号:J405/104] | 在馆 | |
| 5 | 0294307 | 002943079 | 第一样本阅览室/ [索取号:J405/104] | 在馆 |